|
|
|
|
| LEADER |
00732nta a2200205 i 4500 |
| 001 |
dipl142213 |
| 005 |
20241210105824.0 |
| 008 |
241210s2023 hu om 000 hun d |
| 040 |
|
|
|a SZTE Diploma Repozitórium
|b hun
|
| 041 |
|
|
|a hun
|
| 100 |
1 |
|
|a Medgyes Atina
|
| 245 |
1 |
2 |
|a A Team LoS arculat tervezése
|h [elektronikus dokumentum] /
|c Atina Medgyes
|
| 246 |
1 |
0 |
|a Brand Identity Design of Team LoS
|h [elektronikus dokumentum]
|
| 260 |
|
|
|c 2023
|
| 650 |
|
4 |
|a Bölcsészettudományok
|
| 650 |
|
4 |
|a Social sciences
|
| 650 |
|
4 |
|a Media and communications
|
| 650 |
|
4 |
|a Media and socio-cultural communication
|
| 700 |
0 |
1 |
|a Mátyus Imre
|e ths
|
| 856 |
4 |
0 |
|u https://diploma.bibl.u-szeged.hu/id/eprint/142213/1/2023_medgyes_atina.pdf
|z Dokumentum-elérés
|